00349nam a2200133Ia 4500008004100000020001800041082001600059100002100075245007100096250000900167260002300176300000800199650000800207191201s2008 xx 000 0 und d a9788120322851 a004.62bCOI aCOMER, Douglas E 0aInternetworking with TCP/IP: Design, implementation, and internals aRep. aN.DelhibPHIc2008 a660 aMCA